000 00432nam a22001337a 4500
008 110506t xxu||||| |||| 00| 0 eng d
020 _a0406094047
082 _a348.041
245 _aThe Law Reports Queen's Bench Division 2
260 _aLondon:
_bButterworths,
_c1974.
300 _av;
_c24 cm.
942 _2ddc
_cBK
999 _c1268
_d1268